Programa para el cálculo de presupuestos detallados implementando el Master Format, versión 2004
Gespeichert in:
| 1. Verfasser: | |
|---|---|
| Format: | Buch |
| Veröffentlicht: |
[San José, Costa Rica]
2007
|
| Schlagworte: | |
| Tags: |
Tag hinzufügen
Keine Tags, Fügen Sie den ersten Tag hinzu!
|
MARC
| LEADER | 00000nam a2200000Ia 4500 | ||
|---|---|---|---|
| 003 | 009919 | ||
| 005 | 20221231144108.0 | ||
| 008 | 140114s2007 cr a 000 ||s d | ||
| 040 | |c cru CEDI | ||
| 090 | |a TFG 5446 | ||
| 100 | |a Hernández Torres, Adriana Marcela |9 4881 | ||
| 245 | |a Programa para el cálculo de presupuestos detallados implementando el Master Format, versión 2004 | ||
| 260 | |c 2007 |b [San José, Costa Rica] | ||
| 300 | |a 79 hojas; ilustraciones a color; + 1 disco óptico de computadora (4 3/4 plg.) | ||
| 500 | |a Tesis (licenciatura en ingeniería civil)--Universidad de Costa Rica. Escuela de Ingeniería Civil | ||
| 650 | |x INDUSTRIA DE LA CONSTRUCCION |x PROGRAMAS PARA COMPUTADORA |x ANALISIS DE COSTOS |x PRESUPUESTO |x PRESUPUESTOS |9 4882 | ||
| 942 | |c TFG | ||
| 999 | |c 16829 |d 16829 | ||
